000 00214 a2200097 4500
001 12226
100 _aQamar-uddin Khan
245 _aSamander Baba
260 _a
_bSang-e-Meel Publications
_c
090 _c9447
_d9447
942 _aNUST-CAE
_cM
_c36319
999 _c247299
_d247299